| 000 | 00445nam a2200133Ia 4500 | ||
|---|---|---|---|
| 008 | 160809s9999 xx 000 0 und d | ||
| 100 | _aMichalak, Marcin. | ||
| 245 | _aApplication for Logical Expression Processing | ||
| 245 | _cMarcin Michalak, Michal Dubiel and Jolanta Urbanek. | ||
| 260 | _bComputer Science and Information Technology | ||
| 260 | _cJune 2016 | ||
| 650 | _xINFORMATION TECHNOLOGY | ||
| 856 | _uhttp://airccse.org/V6N55.html | ||
| 999 |
_c300126 _d300126 |
||